pays avec indices - Statistiques

Statistiques générales
  • Ce quiz a été pris 207 fois
    191 depuis la dernière actualisation
  • Le résultat moyen est 8 sur 15
Statistiques - réponses
Indice Réponse % Correct
On me juge car je mange des cuisses de grenouilles France
94%
On trouve dans mon pays des villes comme Rome ou Paris Etats-Unis
81%
C'est chez moi qu'il y a le plus grand nombre de lacs Canada
79%
J'abrite environ 20% des arbres du monde, je suis d'ailleurs recouvert de forêt à 60% Russie
78%
Le Dubaï mall fait deux fois ma superficie Vatican
70%
Mon pays compte le plus de monument inscrit au patrimoine mondial de l'UNESCO Italie
67%
Je suis le pays le moins peuplé d'Amérique du Sud Suriname
60%
Pays le plus pacifique du monde Islande
49%
Pays où il neige le plus au monde Japon
49%
C'est dans mon pays que se trouve le plus de pyramides Soudan
41%
C'est dans mon pays que le taux de natalité est le plus fort (7 enfants/femme en moyenne) Niger
39%
C'est dans mon pays qu'on mange le moins de viande (4kg par an par habitant) Bangladesh
19%
Je suis le pays le moins visité du monde d'après le globe-trotteur (en 2023) Somalie
19%
Si vous n'aimez pas les fumeurs, n'allez pas là bas, c'est le pays le plus fumeur du monde (en pourcentage de la population) Nauru
16%
Mon pays est le plus haut en altitude moyenne du monde Tadjikistan
14%
Aucun quiz correspondant
Distribution des résultats
% des personnes avec chaque résultat
Percentile par nombre de réponses
Votre historique - résultats
Vous n’avez pas pris ce quiz depuis la dernière actualisation